=LDR 00000nam 2200000 4500 =001 INLIS000000000000555 =005 20150320104445.0 =006 =007 =008 Ind =035 ##$$0010-061300000000555 =041 ##$$a Ind =082 ##$$a 301 =090 ##$$a 301 Awa p =100 ##$$a Awang, San Afri =245 ##$$a Program IDT dan pemberdayaan masyarakat / San Afri Awang, mas Soedjono =260 ##$$a Yogyakarta $b Aditya Media $c 1995 =300 ##$$a ix, 113 hlm. ; 23 cm =650 ##$$a Sosiologi =850 ##$$a NBPNMAT